| 000 | 00594nam a2200217Ia 4500 | ||
|---|---|---|---|
| 003 | OSt | ||
| 005 | 20221006153102.0 | ||
| 006 | a|||||r|||| 00| 0 | ||
| 007 | ta | ||
| 008 | 221006b |||||||| |||| 00| 0 kor d | ||
| 024 | _a31,240 | ||
| 037 |
_bGift, Korea Foundation _cTextual |
||
| 040 |
_aEASL _cEASL _bkor |
||
| 041 |
_2kor _akor |
||
| 100 |
_aJOUNG Sul _9662435 |
||
| 245 | 0 | _aVHDL giban-ui-digithoul lwirosoulghe | |
| 260 |
_aKorea _bChungnam University _c2003 |
||
| 300 |
_a420p. _ccm. |
||
| 942 |
_cTEXL _2CC |
||
| 999 |
_c1099326 _d1099326 |
||